书目信息 |
| 题名: |
药剂学
|
|
| 作者: | 吴正红 , 祁小乐 主编 | |
| 分册: | ||
| 出版信息: | 北京 中国医药科技出版社 2020.04 |
|
| 页数: | 485页 | |
| 开本: | 29cm | |
| 丛书名: | ||
| 单 册: | ||
| 中图分类: | R94 | |
| 科图分类: | ||
| 主题词: | 药剂学--yao ji xue--高等学校--教材 | |
| 电子资源: | ||
| ISBN: | 978-7-5214-1761-6 | |
| 000 | 01135nam0 2200289 450 | |
| 001 | 202020139202 | |
| 005 | 20200926181346.0 | |
| 010 | @a978-7-5214-1761-6@dCNY89.00 | |
| 100 | @a20200916d2020 em y0chiy50 ea | |
| 101 | 0 | @achi |
| 102 | @aCN@b110000 | |
| 105 | @aa a 000y | |
| 106 | @ar | |
| 200 | 1 | @a药剂学@Ayao ji xue@f主编吴正红, 祁小乐 |
| 210 | @a北京@c中国医药科技出版社@d2020.04 | |
| 215 | @a485页@c图@d29cm | |
| 312 | @a英文题名取自封面 | |
| 320 | @a有书目 | |
| 330 | @a本书以普通剂型与制备为基础, 进一步介绍制剂理论, 制剂新技术与剂型, 不仅符合由浅入深的学习原则, 而且巩固了药剂学内容的系统性。从内容上突出了剂型, 加强了理论, 拓宽了制剂新技术与新剂型的窗口。因药学类专业学生对药剂学内容的需求不同。根据专业不同、兴趣志向不同可选择必修、选修或自学不同篇章。 | |
| 333 | @a“十三五”江苏省高等学校重点教材 “十三五”中国药科大学重点规划教材 供药学类专业用 | |
| 510 | 1 | @aPharmaceutics@zeng |
| 606 | 0 | @a药剂学@Ayao ji xue@x高等学校@j教材 |
| 690 | @aR94@v5 | |
| 701 | 0 | @a吴正红@Awu zheng hong@4主编 |
| 701 | 0 | @a祁小乐@Aqi xiao le@4主编 |
| 801 | 0 | @aCN@c20200619 |
| 905 | @a河南城建学院图书馆@dR94@eW922 | |
| 药剂学/主编吴正红, 祁小乐.-北京:中国医药科技出版社,2020.04 |
| 485页:图;29cm |
| 使用对象:“十三五”江苏省高等学校重点教材 “十三五”中国药科大学重点规划教材 供药学类专业用 |
| ISBN 978-7-5214-1761-6:CNY89.00 |
| 本书以普通剂型与制备为基础, 进一步介绍制剂理论, 制剂新技术与剂型, 不仅符合由浅入深的学习原则, 而且巩固了药剂学内容的系统性。从内容上突出了剂型, 加强了理论, 拓宽了制剂新技术与新剂型的窗口。因药学类专业学生对药剂学内容的需求不同。根据专业不同、兴趣志向不同可选择必修、选修或自学不同篇章。 |
| ● |
| 相关链接 |
|
|
|
正题名:药剂学
索取号:R94/W922
 
预约/预借
| 序号 | 登录号 | 条形码 | 馆藏地/架位号 | 状态 | 备注 |
| 1 | 1488659 | 214886596 | 自科库401/401自科库 22排4列4层/ [索取号:R94/W922] | 在馆 | |
| 2 | 1488660 | 214886603 | 自科库401/401自科库 22排4列4层/ [索取号:R94/W922] | 在馆 |